000 00618nam a22002297a 4500
005 20170124110249.0
010 _aB-006912
020 _c00.00
035 _aB-006912
037 _bCen Lib/Ret
040 _aDPL
_bEN
082 _a005.15
_bCHO
100 _aChopra, D.
_998403
245 _aC++ programme design /
_cby D. Chopra
260 _a[s.l.]
_c[s.n.]
270 _b[s.l.]
300 _axxx, 894p.
_c22cm(Hb)
500 _aInclude index
650 _aComputer science -- Programming language C++
_998404
650 _aProgramming design
_998405
942 _2ddc
_cEN
_h005.15
_mCHO
999 _c135777
_d135777